Louis Tomlinson songs by synonyms #2 - Statistics

General Stats
  • This quiz has been taken 116 times
  • The average score is 10 of 12
Answer Stats
Synonyms Song % Correct
Murder My Brain Kill My Mind
95%
The Best The Greatest
94%
Not New York Chicago
90%
Not Old Enough Too Young
90%
She's Grace We're Unconquerable She Is Beauty We Are World Class
85%
Basic Humans Common People
82%
Scribbled On Your Head Written All Over Your Face
82%
Rescued By An Unknown Person Saved By A Stranger
77%
Grey Mouths Silver Tongues
77%
Only The Same As You Just Like You
75%
Off My Body Out Of My System
75%
Currently Ideal Perfect Now
71%
No matching quizzes found
Score Distribution
Percent of People with Each Score
Percentile by Number Answered
Your Score History
You have not taken this quiz